000 00520nam a22001937a 4500
003 OSt
005 20180116183046.0
008 160719b xxu||||| |||| 00| 0 eng d
020 _a9780170123792
040 _c0
082 _a657 TRO 2005
100 _aKen Trotman & Michael Gibbins
245 _aFinancial Accounting
_bAn Integrated Approch
_cKen Trotman & Michael Gibbins
250 _a3rd
260 _aAustralia
_bThomson
_c2005
300 _a824 p.
_bPB
440 _aFinancial Accounting
942 _2ddc
_cBK
999 _c351412
_d351412